Zobrazenie zmien účtovných zásad a účtovných metód v účtovníctve podnikateľskej účtovnej jednotky diplomová práca

Na minha lista:
Detalhes bibliográficos
Autor principal: Grolmusová, Ivana
Autor Corporativo: Fakulta hospodárskej informatiky EU. Katedra účtovníctva a audítorstva
Outros Autores: Šlosárová, Anna
Formato: Livro
Idioma:eslovaco
Publicado em: Bratislava 2014
Tags: Adicionar Tag
Sem tags, seja o primeiro a adicionar uma tag!

MARC

LEADER 00000nbm a2200000 4500
001 0188628
005 20170201104946.4
041 0 |a slo 
044 |a SK 
245 1 0 |a Zobrazenie zmien účtovných zásad a účtovných metód v účtovníctve podnikateľskej účtovnej jednotky  |b diplomová práca  |c Ivana Grolmusová ; školiteľ: Anna Šlosárová 
264 1 |a Bratislava  |c 2014 
300 |a 65 s. 
100 1 |a Grolmusová, Ivana 
700 1 |a Šlosárová, Anna 
710 2 |a Fakulta hospodárskej informatiky EU. Katedra účtovníctva a audítorstva